All cards on release - clash royale - Statistics

General Stats
  • This quiz has been taken 32 times
  • The average score is 23 of 42
Answer Stats
Answer % Correct
Archers
90%
Mini P.E.K.K.A
90%
Fireball
86%
Giant
86%
Knight
83%
P.EK.K.A
79%
Arrows
76%
Cannon
76%
Goblins
76%
Prince
76%
Skeletons
76%
Zap
72%
Skeleton army
69%
Wizard
69%
Hog rider
66%
Spear goblins
66%
Baby dragon
62%
Barbarians
62%
Goblin hut
59%
Inferno tower
59%
Minions
59%
Witch
55%
Musketeer
52%
Tesla
52%
Goblin barrel
48%
Tombstone
48%
Bomb tower
45%
Rocket
45%
Valkyrie
45%
Barbarian hut
41%
Rage
41%
Bomber
38%
Lightning
38%
Balloon
34%
Golem
34%
Giant skeleton
31%
X-bow
31%
Mortar
28%
Freeze
24%
Minion horde
21%
Mirror
21%
Elixir collector
10%
No matching quizzes found
Score Distribution
Percent of People with Each Score
Percentile by Number Answered
Your Score History
You have not taken this quiz